Catálogo - Centro de Recursos para el Aprendizaje y la Investigación
Volver al Sitio - CRAI Biblioteca| 000 -CABECERA | |
|---|---|
| campo de control de longitud fija | 01458nam a2200253 4500 |
| 001 - NÚMERO DE CONTROL | |
| campo de control | 113627 |
| 003 - IDENTIFICADOR DEL NÚMERO DE CONTROL | |
| campo de control | DR-UNIBE |
| 005 - FECHA Y HORA DE LA ÚLTIMA TRANSACCIÓN | |
| campo de control | 20250516140850.0 |
| 008 - DATOS DE LONGITUD FIJA--INFORMACIÓN GENERAL | |
| campo de control de longitud fija | 250514b2013 sp ||||| |||| 00| 0 spa d |
| 020 ## - NÚMERO INTERNACIONAL ESTÁNDAR DEL LIBRO | |
| Número Internacional Estándar del Libro | 9788497847766 |
| 020 ## - NÚMERO INTERNACIONAL ESTÁNDAR DEL LIBRO | |
| Número Internacional Estándar del Libro | 9788497847773 |
| 040 ## - FUENTE DE LA CATALOGACIÓN | |
| Centro catalogador/agencia de origen | BIBLIOTECA UNIBE |
| Centro/agencia transcriptor | BIBLIOTECA UNIBE |
| Normas de descripción | rda |
| 041 ## - CÓDIGO DE LENGUA | |
| Código de lengua del texto/banda sonora o título independiente | spa |
| 082 ## - NÚMERO DE LA CLASIFICACIÓN DECIMAL DEWEY | |
| Número de clasificación | 501 M915c |
| 100 1# - ENTRADA PRINCIPAL--NOMBRE DE PERSONA | |
| Nombre de persona | Mosterín, Jesús |
| Término indicativo de función/relación | autor |
| 9 (RLIN) | 116303 |
| 245 10 - MENCIÓN DE TÍTULO | |
| Título | Ciencia, filosofía y racionalidad / |
| Mención de responsabilidad, etc. | Jesús Mosterín |
| 260 ## - PUBLICACIÓN, DISTRIBUCIÓN, ETC. | |
| Lugar de publicación, distribución, etc. | Barcelona: |
| Nombre del editor, distribuidor, etc. | Gedisa Editorial, |
| Fecha de publicación, distribución, etc. | 2013 |
| 300 ## - DESCRIPCIÓN FÍSICA | |
| Extensión | 360 páginas |
| 500 ## - NOTA GENERAL | |
| Nota general | La biblioteca dispone de la versión electrónica |
| 505 ## - NOTA DE CONTENIDO CON FORMATO | |
| Nota de contenido con formato | 1. Ciencias y humanidades |<br/>2. Grandeza y miseria de la filosofía analítica |<br/>3. Naturaleza humana y emociones morales |<br/>4. Convenciones y normas |<br/>5. Teoría de la racionalidad |<br/>6. La racionalidad científica |<br/>7. Límites del conocimiento |<br/>8. Modelos simples de un mundo complejo |<br/>9. La frontera entre ciencia y especulación |<br/>10. La consistencia en la ciencia empírica |<br/>11. Observación y detección |<br/>12. Hurgando el nanomundo |<br/>13. El principio antrópico en cosmología |<br/>14. Profesionales y aficionados |<br/>15. Albert Einstein |<br/>16. Karl Popper |<br/>17. Entrevista con Karl Popper |<br/>18. Thomas Kuhn |<br/>19. La epistemología evolutiva de Rescher |<br/>20. Apéndice: cuatro entrevistas al autor |<br/> |
| 650 #7 - PUNTO DE ACCESO ADICIONAL DE MATERIA--TÉRMINO DE MATERIA | |
| Fuente del encabezamiento o término | lemb |
| Término de materia o nombre geográfico como elemento de entrada | Filosofía |
| 9 (RLIN) | 186240 |
| 650 #7 - PUNTO DE ACCESO ADICIONAL DE MATERIA--TÉRMINO DE MATERIA | |
| Fuente del encabezamiento o término | lemb |
| Término de materia o nombre geográfico como elemento de entrada | Conocimiento |
| 9 (RLIN) | 186241 |
| 942 ## - ELEMENTOS DE PUNTO DE ACCESO ADICIONAL (KOHA) | |
| Fuente del sistema de clasificación o colocación | Sistema de Clasificación Decimal Dewey |
| Tipo de ítem Koha | Libro (general) |
| Estado de retiro | Estado de pérdida | Fuente del sistema de clasificación o colocación | No para préstamo | Código de colección | Localización permanente | Fecha de adquisición | Total de préstamos | Signatura topográfica completa | Código de barras | Fecha visto por última vez | Número de copia | Precio válido a partir de | Tipo de ítem Koha |
|---|---|---|---|---|---|---|---|---|---|---|---|---|---|
| Disponible | Sistema de Clasificación Decimal Dewey | General | Biblioteca Central UNIBE | 14/05/2025 | 501 M915c | 250590 | 14/05/2025 | Ej. 1 | 14/05/2025 | Libro (general) | |||
| Disponible | Sistema de Clasificación Decimal Dewey | General | Biblioteca Central UNIBE | 14/05/2025 | 501 M915c | 250591 | 14/05/2025 | Ej. 2 | 14/05/2025 | Libro (general) |